Metodología didáctica
Kaydedildi:
| Yazar: | |
|---|---|
| Materyal Türü: | Kitap |
| Dil: | İspanyolca |
| Baskı/Yayın Bilgisi: |
Madrid
Rialp
1976
|
| Edisyon: | 6a. ed |
| Seri Bilgileri: | Biblioteca de Educación y Ciencias Sociales. Serie Sistemática, 3
|
| Konular: | |
| Etiketler: |
Etiketle
Etiket eklenmemiş, İlk siz ekleyin!
|
MARC
| LEADER | 00000nam a2200000 a 4500 | ||
|---|---|---|---|
| 001 | UCZ0531 | ||
| 003 | CL-VaPUC | ||
| 008 | 950728e19760000SP |||||||||||||||||spa|d | ||
| 082 | 0 | 4 | |a 370.1 |b TIT |2 21 |
| 100 | 0 | |a Titone, Renzo |e author |9 343454 | |
| 245 | 1 | 0 | |a Metodología didáctica |
| 250 | |a 6a. ed | ||
| 300 | |a 667 p | ||
| 942 | |c BK | ||
| 945 | |d 19950728 00:00:00 |a cmena | ||
| 260 | |a Madrid |b Rialp |c 1976 | ||
| 650 | 0 | |a Filosofía de la educación |9 258384 | |
| 650 | 0 | |a Historia de la educación |9 257642 | |
| 650 | 0 | |a Métodos de aprendizaje |9 334464 | |
| 650 | 0 | |a Sociología de la educación |9 260380 | |
| 650 | 0 | |a Planificación de la educación |9 307333 | |
| 583 | |a last modification |c 20170925 04:27:06 |k Rodrigo Vera | ||
| 490 | 0 | |a Biblioteca de Educación y Ciencias Sociales. Serie Sistemática, 3 | |
| 999 | |c 237450 |d 237448 | ||
| 952 | |0 0 |1 0 |4 0 |6 370_100000000000000_TIT_1976 |7 0 |8 P |9 246532 |a BIBEDU |b BIBEDU |c BIBEDU_PB |d 2019-11-18 |i 154702K |o 370.1 TIT 1976 |p 154702K |r 2024-01-25 |w 2019-11-18 |y BK |k EDU | ||